000 00668nam a2200241 4500
003 OSt
005 20260530115255.0
008 260508b |||||||| |||| 00| 0 eng d
020 _a9781465491374
040 _aICI
_beng
_cICI
041 _aeng
050 _aNK139
_bD47 2021
100 1 _aDorling Kindersley /
_930271
245 1 0 _aDesign The definitive visual guide /
264 1 _aNew York, NY :
_bDK,
_c2021.
300 _a480 páginas
_bilustraciones
_c30 cm
336 _atexto
_2rdacontent
337 _asin medio
_2rdamedia
338 _avolumen
_2rdacarrier
500 _aIncluye índice.
650 _aIndustrial design
_xHistory.
942 _2lcc
_cBK
_n1
999 _c12535
_d12535